Oscar „Bester Hauptdarsteller“ - Sudden Death - Statistiken

Allgemein
  • Dieses Quiz wurde 161 mal gespielt
    137 seit der letzten Aktualisierung
  • Das Durchschnittsergebnis liegt bei 8 aus 17
Answers on the Grid
Answers color-coded by a green-red scale on the quiz's grid according to % correct below.
Jack Nicholson
Marlon Brando
Tom Hanks
Robert de Niro
Leonardo di Caprio
Joaquin Phoenix
Al Pacino
Humphrey Bogart
Rex Harrisson
Paul Scofield
Cillian Murphy
Forest Whitaker
Kevin Spacey
Daniel Day-Lewis
Nicolas Cage
Russell Crowe
Casey Affleck
Richard O‘Toole
Richard Burton
Charlie Cahplin
Timothee Chalament
Tom Cruise
Matt Damon
Clint Eastwood
John Travolta
Cary Grant
Andrew Garfield
Ryan Gosling
Brad Pitt
Robin Williams
 
Antwortstatistiken
Antwort % Korrekt
Tom Hanks
62%
Leonardo di Caprio
60%
Jack Nicholson
59%
Marlon Brando
55%
Cillian Murphy
52%
Robert de Niro
52%
Russell Crowe
48%
Al Pacino
47%
Daniel Day-Lewis
47%
Joaquin Phoenix
47%
Forest Whitaker
43%
Humphrey Bogart
43%
Kevin Spacey
43%
Casey Affleck
40%
Nicolas Cage
40%
Paul Scofield
16%
Rex Harrisson
14%
Keine übereinstimmenden Quizze gefunden
Verteilung der Resultate
Anzahl Personen mit jedem Resultat
Perzentil nach korrekt beantworteten Fragen
Ihre Resultats-Entwicklung
Sie haben dieses Quiz seit der letzten Aktualisierung nicht gespielt